Les 5 clés pour prendre la parole en public (notice n° 2199401)
[ vue normale ]
| 000 -LEADER | |
|---|---|
| fixed length control field | 00907cam a2200157 4500500 |
| 005 - DATE AND TIME OF LATEST TRANSACTION | |
| control field | 20260405085651.0 |
| 041 ## - LANGUAGE CODE | |
| Language code of text/sound track or separate title | fre |
| 042 ## - AUTHENTICATION CODE | |
| Authentication code | dc |
| 100 10 - MAIN ENTRY--PERSONAL NAME | |
| Personal name | CSP |
| Relator term | author |
| 245 00 - TITLE STATEMENT | |
| Title | Les 5 clés pour prendre la parole en public |
| 260 ## - PUBLICATION, DISTRIBUTION, ETC. | |
| Name of publisher, distributor, etc. | Dunod,<br/> |
| Date of publication, distribution, etc. | 2015.<br/> |
| 520 ## - SUMMARY, ETC. | |
| Summary, etc. | Le petit livre qui fait de toute prise de parole un RDV avec le succès ! → Un guide pour construire son intervention de A à Z : de la recherche des idées au dernier mot de la conclusion. → Des conseils très pratiques pour rendre son discours percutant et conquérir son auditoire. → Des repères, exercices et auto-évaluations pour piloter sa performance. Avec les 5 clés, cultiver vos talents c’est facile ! |
| 700 10 - ADDED ENTRY--PERSONAL NAME | |
| Personal name | Lebreton, Philippe |
| Relator term | author |
| 700 10 - ADDED ENTRY--PERSONAL NAME | |
| Personal name | CSP |
| Relator term | author |
| 856 41 - ELECTRONIC LOCATION AND ACCESS | |
| Uniform Resource Identifier | <a href="https://shs.cairn.info/les-5-cles-pour-prendre-la-parole-en-public--9782100724390?lang=fr&redirect-ssocas=7080">https://shs.cairn.info/les-5-cles-pour-prendre-la-parole-en-public--9782100724390?lang=fr&redirect-ssocas=7080</a> |
Pas d'exemplaire disponible.




Réseaux sociaux